| 000 | 01212nam a2200349 i 4500 | ||
|---|---|---|---|
| 001 | 195896 | ||
| 003 | SpMaBN | ||
| 005 | 20250326063213.0 | ||
| 008 | 240728s2019 sp | |||| 000 f spa | ||
| 017 |
_aM 33161-2019 _bOficina Depósito Legal Madrid |
||
| 020 | _a9788417248680 | ||
| 035 | _aa6793543 | ||
| 040 |
_aSpMaBN _bspa _cSpMaBN _erda |
||
| 080 | _a821.134.2-31"19" | ||
| 100 | 0 |
_aCasado Flores, Juan _936017 |
|
| 245 | 1 | 0 |
_aDame tu mano / _cJuan Casado. |
| 264 | 1 |
_aMadrid : _bKailas, _c[2019] |
|
| 264 | 4 | _c©2019 | |
| 300 |
_a377 páginas ; _c23 cm |
||
| 336 |
_aTexto _2rdacontent |
||
| 337 |
_asin mediación _2rdamedia |
||
| 338 |
_avolumen _2rdacarrier |
||
| 490 | 1 | _aKailas ficción | |
| 655 | 7 |
_aNovelas de amor _2tgfbne _9226780 |
|
| 830 |
_9223084 _aKailas ficción |
||
| 852 |
_aES-MaACL _bR.152825 _cDEPOJ _jN-9016 _gDedicatoria autógrafa del autor _hDonación: Juan Casado _xEncuadernación: Rústica con solapas _9204885 |
||
| 903 |
_936017 _aCasado Flores, Juan _ednr |
||
| 942 |
_cMONOGRAFIA _n0 |
||
| 954 | _i Tatiana Alejandra de Castro Pérez | ||
| 999 |
_c195896 _d195896 |
||